01208 a2200217 45000010006000000050017000060080041000230030015000640400040000790800055001192450184001740200022003582640058003803000019004385050363004570410008008201000019008287000026008477000018008738560099008914583520260407155730.0260407a2011 arg spa dAR-UNSa-BCEJYS aAR-UNSa-BCEJYSbspacAR-UNSa-BCEJYS a331.5(460)xMercado de Trabajo. Empleo en España10aEvaluación microeconómica de los programas de fomento del empleo indefinido a partir de datos de los servicios públicos de empleo y de la muestra continua de vidas laborales a978-84-8417-384-7 1aMadrid :bMinisterio de Trabajo e Inmigraciónc2011 a203 p.c22 cm. a1. Introducción: los programas de fomento del empleo indefinido – 2. Los datos de contratos: características – 3. El enlace de la muestra continúa de vidas laborales con el registro de contratos: características de los episodios de empleo indefinido – 4. Análisis de la estabilidad de los contratos indefinidos – 5. Resumen y conclusiones.  aspa1 aMoreno, Gloria1 aCebrián, Inmaculada1 aToharia, Luis41uhttps://www.biblioeco.unsa.edu.ar/pmb/images/libros/L127200.jpgyImagen de portadaqimage/jpeg